|
|
|
|
| LEADER |
00000nam#a2200000#a#4500 |
| 001 |
013794 |
| 005 |
20160721152445.0 |
| 008 |
990617s1997####xxu#################eng#d |
| 020 |
|
|
|a 0895264188
|
| 040 |
|
|
|a AR-beUNQ
|
| 099 |
|
|
|a 03-K20
|
| 100 |
1 |
|
|a Kimbrell, Andrew
|
| 245 |
0 |
0 |
|a The human body shop : the cloning, engineering, and marketing of life
|c Andrew Kimbrell.
|
| 250 |
|
|
|a 2a. ed.
|
| 260 |
|
|
|a Washington :
|b Regnery,
|c 1997
|
| 300 |
|
|
|a 411 p
|
| 650 |
|
7 |
|a INGENIERIA GENETICA
|2 Spines
|
| 650 |
|
7 |
|a ASPECTOS SOCIALES
|2 Spines
|
| 650 |
|
7 |
|a ETICA
|2 Spines
|
| 650 |
|
7 |
|a BIOTECNOLOGIA
|2 Spines
|
| 929 |
|
|
|a COMPRA
|b Amazon
|c Exp. 827-0080/99
|d 14,95
|e 19990523
|j 26058
|
| 929 |
|
|
|a COMPRA
|b Amazon
|c Exp. 827-0080/99
|d 14,95
|e 19990523
|j 26059
|
| 942 |
|
|
|c LIB
|n 0
|
| 999 |
|
|
|c 16194
|d 91581
|